An American history

Bibliographic Details
Main Author: Gruver, Rebecca Brooks
Format: Book
Published: New York : McGraw-Hill , 1976
Edition:4th ed
Subjects:

MARC

LEADER 00000cam a2200000 7i4500
001 0000002999
005 20091130.0
020 |a 0075548747 
090 0 0 |a 973   |b GRU 
100 1 |a Gruver, Rebecca Brooks 
245 1 3 |a An American history   |c Rebecca Brooks Gruver 
250 |a 4th ed 
255 |a Vol.2 
260 |a New York :   |b McGraw-Hill ,   |c 1976 
300 |a 932p. :   |b ill. ;   |c 27cm. 
650 0 0 |a United States   |x History 
999 |a 036572   |b BUKU   |c PINJAMAN   |e PERPUSTAKAAN KOMUNITI PETALING JAYA